00632nam a2200193 i 4500001000700000003000900007005001700016007000300033008004100036020001800077080002200095100002500117245012200142260005800264300002200322504003200344650004100376852002100417101644ES-MaACL20230906182941.0t|051021s1978 xxu |||| | eng d a84-399-8373-5 a806.90-087(814.2)1 aMegenney, William W.10aA Bahian heritage b: an ethnolinguistic study of african influences on bahian portuguese / cby William W. Megenney. aChapel Hill : bUniversity of North Carolina, c1978. a230 p. ; c24 cm. aBibliografía: p. 218-228. 4aLengua portuguesa-zBahía (Estado) aES-MaACLjA-9448